Battle lines drawn on the village green (Record no. 73220)

MARC details
000 -LEADER
fixed length control field 01570cam a2200217 4500
001 - CONTROL NUMBER
control field ABS67015
008 - FIXED-LENGTH DATA ELEMENTS--GENERAL INFORMATION
fixed length control field 030814n2003 000 0 eng u
035 ## - SYSTEM CONTROL NUMBER
System control number (Sirsi) u123270
245 ## - TITLE STATEMENT
Title Battle lines drawn on the village green
260 ## - PUBLICATION, DISTRIBUTION, ETC.
Date of publication, distribution, etc. 2003
490 ## - SERIES STATEMENT
Series statement Estates Gazette
Volume/sequential designation (0332) 9 August 2003, 56-58(3)
520 ## - SUMMARY, ETC.
Summary, etc. Since the HL extended the definition of village green in "R v Oxfordshire CC and another ex p Sunningwell Parish Council" (HL, Abs60977), there has been a flood of applications to register land as village greens to prevent development on publicly used spaces. This is seen as a threat to developers as it deprives landowners of their property without compensation. Developer Laing Homes Ltd ("R v Buckingham CC and another ex p Laing Homes Ltd" ([2003] EWHC 1578, Abs67014) was recently successful in having a decision to register 38 acres of land at Widner End, High Wycombe quashed in the HC, although its argument that the registration of village greens is against the Human Rights Act 1998 was rejected. The Open Spaces Society founded in 1865 has helped campaigners with a number of applications to register village greens, although only a few have been successful. Brief overview of village green law.
590 ## - LOCAL NOTE (RLIN)
Local note ABS
650 ## - SUBJECT ADDED ENTRY--TOPICAL TERM
Topical term or geographic name entry element VILLAGE GREENS
650 ## - SUBJECT ADDED ENTRY--TOPICAL TERM
Topical term or geographic name entry element LAW OF COMMONS
650 ## - SUBJECT ADDED ENTRY--TOPICAL TERM
Topical term or geographic name entry element R V OXFORDSHIRE CC AND ANOTHER EX P SUNNINGWELL PARISH COUNCIL
650 ## - SUBJECT ADDED ENTRY--TOPICAL TERM
Topical term or geographic name entry element R V BUCKINGHAMSHIRE CC AND ANOTHER EX P LAING HOMES LTD
650 ## - SUBJECT ADDED ENTRY--TOPICAL TERM
Topical term or geographic name entry element COMMONS REGISTRATION ACT 1965
690 ## - LOCAL SUBJECT ADDED ENTRY--TOPICAL TERM (OCLC, RLIN)
Topical term or geographic name as entry element PROPERTY AND LAND LAW-CASE LAW
942 ## - ADDED ENTRY ELEMENTS (KOHA)
Suppress in OPAC 0
Holdings
Withdrawn status Lost status Source of classification or shelving scheme Damaged status Not for loan Home library Current library Shelving location Date acquired Total Checkouts Full call number Barcode Date last seen Copy number Price effective from Koha item type
    Dewey Decimal Classification     London London Journal article 14/08/2003   ABS67015 123270-1001 06/08/2019 1 06/08/2019 Journal article